Les fraisiers
Na minha lista:
| Autor principal: | |
|---|---|
| Formato: | Livro |
| Idioma: | francês |
| Publicado em: |
París
J. B. Bailliere et Fils
1961
|
| Colecção: | Bibliotheque D'Horticulture Practique
|
| Assuntos: | |
| Tags: |
Adicionar Tag
Sem tags, seja o primeiro a adicionar uma tag!
|
MARC
| LEADER | 00000nam a2200000 a 4500 | ||
|---|---|---|---|
| 001 | UCR4502 | ||
| 003 | CL-VaPUC | ||
| 008 | 980313e19610000FR |||||||||||||||||fre|d | ||
| 082 | 0 | 4 | |a 634.75 |b TRI |2 21 |
| 100 | 0 | |a Trioreau, P |e author |9 404738 | |
| 245 | 1 | 4 | |a Les fraisiers |
| 300 | |a 430 p | ||
| 942 | |c BK | ||
| 945 | |d 19980313 00:00:00 |a rleighto | ||
| 260 | |a París |b J. B. Bailliere et Fils |c 1961 | ||
| 650 | 0 | |a Frutas |9 259500 | |
| 650 | 7 | |a FRESAS |2 CL-VaPUC |9 404739 | |
| 650 | 0 | |a Botánica |9 264202 | |
| 650 | 0 | |a Medio ambiente |9 257625 | |
| 650 | 0 | |a Cultivo |9 264268 | |
| 650 | 0 | |a Comercialización |9 259326 | |
| 583 | |a last modification |c 19980313 00:00:00 |k Rodrigo Vera | ||
| 490 | 0 | |a Bibliotheque D'Horticulture Practique | |
| 999 | |c 267442 |d 267440 | ||